Descriptive flora of Puerto Rico and adjacent islands : Spermatophyta /

Saved in:
Bibliographic Details
Main Author: Liogier, Alain H.
Format: Book
Language:English
Published: Río Piedras, P.R. : Editorial de la Universidad de Puerto Rico, 1985-
Edition:1a ed.
Subjects:
Tags: Add Tag
No Tags, Be the first to tag this record!
LEADER 01325pam a2200313 a 4500
001 001769578-3
005 20020606090541.3
008 841026m19859999pr a s00110 eng
010 |a  84025668  
020 |a 084772333X (pbk. : set) 
035 0 |a ocm11398927 
040 |a DLC  |c DLC  |d m/c  |d MCS 
043 |a nwpr--- 
050 0 |a QK230  |b .L55 1985 
082 0 |a 582.097295  |2 19 
100 1 |a Liogier, Alain H. 
245 1 0 |a Descriptive flora of Puerto Rico and adjacent islands :  |b Spermatophyta /  |c Henri Alain Liogier. 
250 |a 1a ed. 
260 0 |a Río Piedras, P.R. :  |b Editorial de la Universidad de Puerto Rico,  |c 1985- 
300 |a v. :  |b ill. ;  |c 23 cm. 
500 |a Includes indexes. 
504 |a Includes bibliographical references and indexes. 
505 0 |a v. 1. Casuarinaceae to Connaraceae -- v. 2. Leguminosae to Anacardiaceae Spermatophyta -- v. 3. Cyrillaceae to Myrtaceae -- v. 4. Melastomataceae to Lentibulariaceae -- v. 5. Acanthaceae to compositae. 
650 0 |a Botany  |z Puerto Rico. 
650 0 |a Phanerogams. 
650 0 |a Phanerogams  |z Puerto Rico. 
776 0 8 |i Online version:  |a Liogier, Alain H.  |t Descriptive flora of Puerto Rico and adjacent islands.  |b 1a ed.  |d Río Piedras, P.R. : Editorial de la Universidad de Puerto Rico, 1985-1997  |w (OCoLC)656499713 
988 |a 20020608 
906 |0 DLC